书目信息 |
| 题名: |
水环境化学
|
|
| 作者: | 陈静生主编 | |
| 分册: | ||
| 出版信息: | 北京 高等教育出版社 1987.09 |
|
| 页数: | 302页 | |
| 开本: | 16开 | |
| 丛书名: | ||
| 单 册: | ||
| 中图分类: | X13-43 | |
| 科图分类: | ||
| 主题词: | ||
| 电子资源: | ||
| ISBN: | 7-04-000220-5 | |
| 000 | 00483nam0 2200169 45 | |
| 001 | 0199005944 | |
| 005 | 20211206144420.58 | |
| 010 | @a7-04-000220-5@d3.25元 | |
| 100 | @a19990804d km y0chiy0120 ea | |
| 101 | 0 | @achi |
| 105 | @a z 000yy | |
| 200 | 1 | @ASHUI HUAN JING HUA XUE@FCHEN JING SHENG ZHU BIAN@a水环境化学@f陈静生主编 |
| 210 | @a北京@c高等教育出版社@d1987.09 | |
| 215 | @a302页@c无图表@d16开 | |
| 690 | @aX13-43@v4 | |
| 801 | 0 | @aCN@bPFT@c20211206 |
| 905 | @dX13-43@eC476@f6 | |
| 水环境化学/陈静生主编.-北京:高等教育出版社,1987.09 |
| 302页:无图表;16开 |
| ISBN 7-04-000220-5:3.25元 |
| ● |
| 相关链接 |
|
|
|
正题名:水环境化学
索取号:X13-43/C476
 
预约/预借
| 序号 | 登录号 | 条形码 | 馆藏地/架位号 | 状态 | 备注 |
| 1 | 1894 | 200239358 | 自科库501/501自科库 62排3列4层/ [索取号:X131-43/036] | 在馆 | |
| 2 | 7091 | 200238876 | 期刊室512/501自科库 62排3列4层/ [索取号:X131-43/036] | 在馆 | |
| 3 | 7092 | 200241611 | 期刊室512/501自科库 62排3列4层/ [索取号:X131-43/036] | 在馆 | |
| 4 | 7093 | 200242718 | 期刊室512/501自科库 62排3列4层/ [索取号:X131-43/036] | 在馆 | |
| 5 | 7094 | 200242139 | 期刊室512/501自科库 62排3列4层/ [索取号:X131-43/036] | 在馆 | |
| 6 | 7095 | 200239875 | 期刊室512/501自科库 62排3列4层/ [索取号:X131-43/036] | 在馆 |